Η πολυεθνική Τουρκία

Αποθηκεύτηκε σε:
Λεπτομέρειες βιβλιογραφικής εγγραφής
Συλλογικό Έργο: Fondazione internazionale Lelio Basso per il diritto e la liberazione dei popoli, Κέντρο Ποντιακών Μελετών
Μορφή: Βιβλίο
Γλώσσα:Greek
Δημοσίευση: Αθήνα : Γόρδιος, c1993.
Θέματα:
Ετικέτες: Προσθήκη ετικέτας
Δεν υπάρχουν, Καταχωρήστε ετικέτα πρώτοι!

MARC

LEADER 00000cam a2200000 i 4500
001 1/14235
008 980428s1993 gr | ||| |||| ||gre||
020 |a 9607083083 
035 |l 10019346 
040 |a GR-MyUa  |b gre  |e AACR2 
041 0 |a gre 
082 7 |a 323.1561   |2 (22) 
245 0 2 |a Η πολυεθνική Τουρκία /   |c εισαγωγή Μιχάλης Χαραλαμπίδης ; μετάφραση Σταύρος Παπαθανάκης. 
260 |a Αθήνα :   |b Γόρδιος,   |c c1993. 
300 |a 282 σ. ;   |c 21 εκ. 
500 |a Περιέχει κείμενα των: Κοτσαριάν - Λουκαϊδης - Μπραχίμ - Σίντο - Τουκού - Φόγιερσταϊν - Φωτιάδης - Χόφμαν. 
650 0 0 |a Human rights. 
650 0 0 |a Minorities  |z Turkey. 
651 0 |a Turkey  |x Politics and government  |y 20th century. 
710 2 |a Fondazione internazionale Lelio Basso per il diritto e la liberazione dei popoli. 
710 2 |a Κέντρο Ποντιακών Μελετών. 
852 |a INST  |b LESVOS  |e 19980428  |h 323.1561 ΠΟΛ  |p 005100013607  |q 005100013607  |t BK  |y 0 
901 |a BIBL1-1998-2 
922 |a 1ΕΛΗ  |b 199803  |c ΚΠΣ/ΤΚ  |d EMVASIS 
950 |a 103-1998-02-16 
970 |z 2000/05/ΟΙΚΟΝΟΜΟΠΟΥΛΟΥ ΧΡΙΣΤΙΝΑ